书目信息 |
| 题名: |
京德高速公路高掺量胶粉改性沥青永久路面设计与施工技术
|
|
| 作者: | 王国清 编著 | |
| 分册: | ||
| 出版信息: | 北京 人民交通出版社股份有限公司 2022.06 |
|
| 页数: | 127页 | |
| 开本: | 23cm | |
| 丛书名: | ||
| 单 册: | ||
| 中图分类: | U416.217 | |
| 科图分类: | ||
| 主题词: | 高速公路--gao su gong lu--改性沥青--沥青路面--路面设计--华北地区 , 高速公路--gao su gong lu--改性沥青--沥青路面--路面施工--华北地区 | |
| 电子资源: | ||
| ISBN: | 978-7-114-17900-6 | |
| 000 | 01449nam0 2200253 450 | |
| 001 | 011025153623 | |
| 005 | 20221025153623.0 | |
| 010 | @a978-7-114-17900-6@dCNY80.00 | |
| 100 | @a20201004d2022 em y0chiy50 ea | |
| 101 | 0 | @achi |
| 102 | @aCN@b110000 | |
| 105 | @aak z 000yy | |
| 106 | @ar | |
| 200 | 1 | @a京德高速公路高掺量胶粉改性沥青永久路面设计与施工技术@Ajing de gao su gong lu gao can liang jiao fen gai xing li qing yong jiu lu mian she ji yu shi gong ji shu@f王国清等编著 |
| 210 | @a北京@c人民交通出版社股份有限公司@d2022.06 | |
| 215 | @a127页@c图,照片@d23cm | |
| 312 | @a封面英文题名:Design and construction technology of high content rubber powder modified asphalt permanent pavement of Beijing-Dezhou expressway | |
| 330 | @a本书以永久沥青路面建设为目标,依托京德高速公路建设工程,总结高速公路病害特点,结合河北省十多年来在橡胶沥青研究方面的成功经验,在河北交投集团胶粉改性沥青理论研究和生产制备成果的基础上,采用环保经济的,具有高温抗车辙、低温抗开裂特性的高掺量胶粉改性沥青作为实现永久路面的沥青新材料。 | |
| 510 | 1 | @aDesign and construction technology of high content rubber powder modified asphalt permanent pavement of Beijing-Dezhou expressway@zeng |
| 606 | 0 | @a高速公路@Agao su gong lu@x改性沥青@x沥青路面@x路面设计@y华北地区 |
| 606 | 0 | @a高速公路@Agao su gong lu@x改性沥青@x沥青路面@x路面施工@y华北地区 |
| 690 | @aU416.217@v5 | |
| 701 | 0 | @a王国清@Awang guo qing@4编著 |
| 905 | @a河南城建学院图书馆@dU416.217@eW195 | |
| 京德高速公路高掺量胶粉改性沥青永久路面设计与施工技术/王国清等编著.-北京:人民交通出版社股份有限公司,2022.06 |
| 127页:图,照片;23cm |
| ISBN 978-7-114-17900-6:CNY80.00 |
| 本书以永久沥青路面建设为目标,依托京德高速公路建设工程,总结高速公路病害特点,结合河北省十多年来在橡胶沥青研究方面的成功经验,在河北交投集团胶粉改性沥青理论研究和生产制备成果的基础上,采用环保经济的,具有高温抗车辙、低温抗开裂特性的高掺量胶粉改性沥青作为实现永久路面的沥青新材料。 |
| ● |
| 相关链接 |
|
|
|
正题名:京德高速公路高掺量胶粉改性沥青永久路面设
索取号:U416.217/W195
 
预约/预借
| 序号 | 登录号 | 条形码 | 馆藏地/架位号 | 状态 | 备注 |
| 1 | 1588719 | 215887191 | 自科库501/501自科库 53排3列3层/ [索取号:U416.217/W195] | 在馆 |